书目信息 |
| 题名: |
排队论
|
|
| 作者: | 唐应辉 , 唐小我 著 | |
| 分册: | ||
| 出版信息: | 北京 科学出版社 2006.01 |
|
| 页数: | 270页 | |
| 开本: | 24cm | |
| 丛书名: | ||
| 单 册: | ||
| 中图分类: | O226 | |
| 科图分类: | ||
| 主题词: | 排队论--pai dui lun--研究生教育--教材 | |
| 电子资源: | ||
| ISBN: | 7-03-016588-8 | |
| 000 | 00721nam0 2200241 450 | |
| 001 | CAL 012006016948 | |
| 005 | 20060529092133.12 | |
| 010 | @a7-03-016588-8@dCNY 40.00 | |
| 099 | @aCAL 012006016948 | |
| 100 | @a20060301d2006 em y0chiy0121 ea | |
| 101 | 0 | @achi |
| 102 | @aCN@b110000 | |
| 200 | 1 | @a排队论@Apai dui lun@e基础与分析技术@f唐应辉, 唐小我著 |
| 210 | @a北京@c科学出版社@d2006.01 | |
| 215 | @a270页@c图@d24cm | |
| 300 | @a电子科技大学研究生系列教材建设项目 | |
| 320 | @a有书目 (第263-270页) | |
| 606 | 0 | @a排队论@Apai dui lun@x研究生教育@j教材 |
| 690 | @aO226@v4 | |
| 701 | 0 | @a唐应辉@Atang ying hui@4著 |
| 701 | 0 | @a唐小我@Atang xiao wo@4著 |
| 801 | 0 | @aCN@bBUPT@c20060529 |
| 905 | @a10447@dO226@eT272 | |
| 排队论:基础与分析技术/唐应辉, 唐小我著.-北京:科学出版社,2006.01 |
| 270页:图;24cm |
| 电子科技大学研究生系列教材建设项目 |
| ISBN 7-03-016588-8:CNY 40.00 |
| ● |
| 相关链接 |
|
|
|
正题名:排队论
索取号:O226/T272
 
预约/预借
| 序号 | 登录号 | 条形码 | 馆藏地/架位号 | 状态 | 备注 |
| 1 | 602153 | 206021534 | 数理学院资料室/ [索取号:O226/T272] | 在馆 | |
| 2 | 602154 | 206021543 | 自科库401/401自科库 48排5列1层/ [索取号:O226/T272] | 在馆 | |
| 3 | 602155 | 206021552 | 自科库401/401自科库 48排5列1层/ [索取号:O226/T272] | 在馆 |